Aquatic Alphabet - R - Statistics

General Stats
  • This quiz has been taken 8 times
  • The average score is 5 of 19
Answer Stats
Hint Answer % Correct
This is the largest species of king crab, and is Alaska's largest shellfish fishery. Red King Crab
60%
Ancient sailors believed they could slow down or halt ships by attaching to them. They use the sucking discs on the top of their head to attach to sharks and turtles for rides. Remora
60%
A superorder of cartilaginous fishes known for their disk-like bodies and elongated tails. Ray
40%
The smallest and most common type of Arctic seal. They can live in areas completely covered in ice by digging breathing holes and carving lairs. Ringed Seal
40%
These sharks are poorly known and researched by scientists. They were thought to be extinct up until the 20th century, when some were found near Borneo and Australia. River Shark
40%
While they mature from being a larvae to an adult, their fins change drastically. Specifically, their dorsal and anal fins shrink, and their pelvic fins dissapear. Ragfish
20%
They can be eaten, though their taste is bland and their aftertaste is horrible. Ratfish
20%
Also known as grenadiers, this fish comes from the subfamily Macrouridae, which is believed to represent around 15% of the deep-sea fish population. Rattail Fish
20%
It has a long and thin shape for its brown shell, and a large muscular foot and protrudes out of the shell. The muscular foot allows it to quickly dig, swim, and jump. Razor Clam
20%
A game fish found across the Atlantic ocean, with a generally red body except for noticeable black spots near or on its tail. Red Drum
20%
A type of aggressive shark with a torpedo-shaped body, found in tropical and temperate waters around the world. Requiem Shark
20%
These fishes are silver in color, with a long red dorsal fin stretching over the entirety of their back. Ribbonfish
20%
A species of dolphin with a bulbous head shape. A famous dolphin of this species is Pelorus Jack, who traveled with ships navigating the Cook Strait in New Zealand between 1888 and 1912. Risso's Dolphin
20%
It is commonly eaten in South Asia, such as being fried and seasoned. Consumption of the fish can prevent Osteoporosis, thanks to its high concentration of Vitamin D. Rohu
20%
Their name comes from the seven long spines on their dorsal fin. They are popular sport fish on the west coast, and have a bluish-silver coloring on their head and body. Roosterfish
20%
Native to waters in West and Central Africa, this slender fish is also known as the "reedfish". Males are usually more olive-green while females are yellowish-brown. Ropefish
20%
This species of seal tends to be solitary, while generally living in densely packed ice. It is known for having disproportional large eyes. Ross Seal
20%
They are overall colored in speckled brown, to blend in with the surface of live rock and algae. Roughhead Blenny
20%
Also called slimeheads, this species of fish is one of the longest-lived animals known, with a maximum reported age of 149 years. Roughy
20%
No matching quizzes found
Score Distribution
Percent of People with Each Score
Percentile by Number Answered
Your Score History
You have not taken this quiz